Prehľad prístupov k analýzam ekonomických dosahov pandémií
Salvato in:
| Autore principale: | |
|---|---|
| Altri autori: | , |
| Natura: | Capitolo di libro |
| Lingua: | inglese |
| Soggetti: | |
| Tags: |
Nessun Tag, puoi essere il primo ad aggiungerne!!
|
MARC
| LEADER | 00000naa$a2200000$$$4500 | ||
|---|---|---|---|
| 001 | 0289247 | ||
| 005 | 20240502074430.3 | ||
| 041 | 0 | |a eng | |
| 044 | |a SK | ||
| 245 | 1 | 0 | |a Prehľad prístupov k analýzam ekonomických dosahov pandémií |c Karol Szomolányi, Adriana Lukáčiková, Martin Lukáčik |
| 500 | |a Abstrakt | ||
| 610 | 2 | 0 | |a koronavírus |
| 610 | 2 | 0 | |a modelovanie |
| 100 | 1 | |a Szomolányi, Karol, 1976- | |
| 700 | 1 | |a Lukáčiková, Adriana, 1971- | |
| 700 | 1 | |a Lukáčik, Martin, 1974- | |